[Event "Challenge"]
[Site "http://www.queenalice.com/game.php?id=1251085"]
[Date "2014.1.25"]
[Round "-"]
[White "Meauxchess"]
[Black "loumex"]
[Result "1-0"]
[WhiteElo "2447"]
[BlackElo "1196"]

1. Nf3 Nf6 2. g3 e6 3. Bg2 d5 4. d3 Bd6 5. Nbd2 Bd7 6. b3 O-O 7. Bb2 Qc8 8. O-O
c5 9. Bxf6 gxf6 10. e4 Rd8 11. Re1 Kf8 12. exd5 e5 13. Nc4 Ke7 14. Nxd6 Kxd6 15.
c4 Na6 16. Qe2 f5 17. Qxe5# 1-0

[Event "Challenge"]
[Site "http://www.queenalice.com/game.php?id=1251086"]
[Date "2014.1.25"]
[Round "-"]
[White "loumex"]
[Black "Meauxchess"]
[Result "0-1"]
[WhiteElo "1200"]
[BlackElo "2452"]

1. b4 Nf6 2. Bb2 e6 3. a3 d5 4. e3 Be7 5. Nf3 O-O 6. Be2 c5 7. b5 b6 8. O-O Bb7
9. d4 c4 10. c3 a5 11. a4 Bd6 12. g3 Qc7 13. Ba3 Ne4 14. Nbd2 Nxc3 15. Qe1 Ne4
16. Qc1 Qe7 17. Bxd6 Qxd6 18. Kg2 Nd7 19. Nb1 Rac8 20. Na3 h6 21. h4 Rfe8 22.
Rd1 Rc7 23. Nc2 Ndf6 24. Qa3 Qd8 25. Qc1 Nc3 26. Re1 Nxe2 27. Rxe2 Ne4 28. Ra3
Bc8 29. Re1 Qf6 30. Rh1 e5 31. Qd1 Bg4 32. Nce1 c3 33. Qd3 Nd2 34. Nxd2 cxd2 35.
Qxd2 e4 36. Rf1 g5 37. hxg5 Qxg5 38. f3 exf3+ 39. Nxf3 Qg6 40. Qd3 Rc2+ 41. Qxc2
Qxc2+ 42. Kg1 Bxf3 43. Rxf3 Qc1+ 44. Kh2 Qxa3 45. Kh3 Rxe3 46. Rxe3 Qxe3 47. Kh4
Qe4+ 48. g4 Qg2 49. g5 h5 50. Kxh5 Qh3# 0-1

[Event "Challenge"]
[Site "http://www.queenalice.com/game.php?id=1258824"]
[Date "2014.2.22"]
[Round "-"]
[White "Meauxchess"]
[Black "loumex"]
[Result "1-0"]
[WhiteElo "2453"]
[BlackElo "1259"]

1. b4 Nf6 2. Bb2 d5 3. e3 e6 4. a3 Bd7 5. c4 Be7 6. Nf3 a6 7. Be2 O-O 8. O-O b5
9. c5 c6 10. Nc3 Bc8 11. d4 Nbd7 12. Qc2 Bb7 13. Bd3 Qc7 14. a4 Rad8 15. Rfe1
Kh8 16. e4 dxe4 17. Nxe4 Nxe4 18. Bxe4 g6 19. d5+ Kg8 20. d6 Bxd6 21. cxd6 Qxd6
22. Qc3 f6 23. Red1 Qf4 24. Qe3 Qxe3 25. fxe3 f5 26. Bc2 bxa4 27. Bc3 f4 28. e4
h6 29. Rxa4 g5 30. Rd6 Kf7 31. Ra1 g4 32. Nd4 Ke7 33. Rxe6+ Kf7 34. Rxh6 g3 35.
h3 Kg7 36. Nf5+ Kf7 37. Bb3+ Ke8 38. Nd6+ Ke7 39. Nf5+ Rxf5 40. exf5 Nf8 41.
Bf6+ Kd7 42. Rd1+ Kc8 43. Rxd8+ Kc7 44. Rxf8 Kb6 45. Bc3 Kb5 46. Rb8 Kb6 47. Rh7
Kb5 48. Rbxb7# 1-0

[Event "Challenge"]
[Site "http://www.queenalice.com/game.php?id=1265157"]
[Date "2014.3.15"]
[Round "-"]
[White "loumex"]
[Black "Meauxchess"]
[Result "0-1"]
[WhiteElo "1238"]
[BlackElo "2458"]

1. b4 Nf6 2. Bb2 e6 3. a3 c5 4. b5 b6 5. e3 Bb7 6. Nf3 Be7 7. Be2 O-O 8. O-O Qc7
9. Be5 d6 10. Bb2 Nbd7 11. a4 a5 12. bxa6 Bxa6 13. Bxa6 Rxa6 14. d4 Rfa8 15. c4
Rxa4 16. Rxa4 Rxa4 17. Qxa4 Ne4 18. Qc2 d5 19. Nc3 Nxc3 20. Qxc3 dxc4 21. Qxc4
Qc6 22. Ba3 Bf8 23. Rc1 h6 24. Bb2 b5 25. Qd3 c4 26. Qc3 Qa8 27. Qb4 Bxb4 28.
Ra1 Qe4 29. Rf1 c3 30. Bc1 Be7 31. d5 Qxd5 32. e4 Qxe4 33. Re1 Qc4 34. g3 b4 35.
Bf4 Nc5 36. Kg2 Nd3 37. Ra1 c2 38. Bc1 b3 39. Nd2 Qb4 40. Ba3 Qxa3 41. Rxa3 c1=Q
42. Ra8+ Bf8 43. Nxb3 Qc6+ 44. f3 Qxa8 45. h4 Ne1+ 46. Kf2 Nxf3 47. Kg2 Qa2+ 48.
Kxf3 Qxb3+ 49. Kg4 Qd1+ 50. Kh3 f5 51. g4 Qxg4+ 52. Kh2 Bd6+ 0-1

[Event "Challenge"]
[Site "http://www.queenalice.com/game.php?id=1272356"]
[Date "2014.4.12"]
[Round "-"]
[White "loumex"]
[Black "Meauxchess"]
[Result "0-1"]
[WhiteElo "1200"]
[BlackElo "2463"]

1. b4 b5 2. Bb2 Nf6 3. e3 a6 4. Nf3 Nc6 5. Be2 Nxb4 6. a3 Nc6 7. O-O e6 8. d3 d5
9. d4 Bd6 10. Nc3 Bb7 11. Bd3 O-O 12. a4 b4 13. Ne2 a5 14. Qe1 Re8 15. Qd2 Ba6
16. c3 Bxd3 17. Qxd3 bxc3 18. Bxc3 Ne4 19. Bb2 Nb4 20. Qd1 c5 21. Rc1 c4 22. Nc3
Nxc3 23. Bxc3 Na2 24. Rc2 Nxc3 25. Rxc3 Bb4 26. Rc1 Qc7 27. Ra1 c3 28. Qc2 f6
29. Rfc1 Rac8 30. Ra2 Re7 31. Ne1 Qc4 32. Kh1 Qf1# 0-1

[Event "Challenge"]
[Site "http://www.queenalice.com/game.php?id=1282245"]
[Date "2014.5.16"]
[Round "-"]
[White "Meauxchess"]
[Black "loumex"]
[Result "1-0"]
[WhiteElo "2471"]
[BlackElo "1198"]

1. Nf3 Nf6 2. c4 d5 3. e3 e6 4. Nc3 Bd6 5. Be2 O-O 6. O-O c5 7. Nb5 a6 8. Nxd6
Qxd6 9. Qb3 Nc6 10. cxd5 Na5 11. Qa4 b6 12. dxe6 Qxe6 13. d4 Bd7 14. Qc2 Ne4 15.
Rd1 Bc6 16. dxc5 bxc5 17. Nd2 Qg6 18. Bd3 Rad8 19. f3 Nd6 20. Bxg6 fxg6 21. Qxc5
Ba4 22. b3 Be8 23. Qxa5 Ra8 24. Qd5+ Bf7 25. Qxd6 Rfd8 26. Qg3 Ra7 27. Bb2 a5
28. Ne4 Re8 29. Nd6 Rd8 30. Nxf7 Rxd1+ 31. Rxd1 Rxf7 32. Rd8+ Rf8 33. Rxf8+ Kxf8
34. Qc7 Kg8 35. Qxg7# 1-0

[Event "Challenge"]
[Site "http://www.queenalice.com/game.php?id=1304364"]
[Date "2014.8.27"]
[Round "-"]
[White "Meauxchess"]
[Black "loumex"]
[Result "1-0"]
[WhiteElo "2460"]
[BlackElo "1196"]

1. e4 e5 2. Nf3 Nc6 3. Bb5 Nd4 4. Nxd4 exd4 5. Bc4 f6 6. Qf3 d6 7. O-O Be7 8.
Bxg8 Rxg8 9. Qh5+ g6 10. Qxh7 Kf8 11. d3 Bg4 12. Qh6+ Rg7 13. Qd2 Rh7 14. f3 Bh5
15. Qf2 c5 16. Nd2 b5 17. g4 Bxg4 18. fxg4 f5 19. exf5 Bh4 20. Qf3 gxf5 21.
Qxf5+ Rf7 22. Qxf7# 1-0

[Event "Challenge"]
[Site "http://www.queenalice.com/game.php?id=1309362"]
[Date "2014.9.20"]
[Round "-"]
[White "Meauxchess"]
[Black "loumex"]
[Result "1-0"]
[WhiteElo "2448"]
[BlackElo "1194"]

1. Nf3 Nc6 2. c4 e5 3. e3 f6 4. d4 Nge7 5. d5 e4 6. Nfd2 Ne5 7. Nxe4 f5 8. Nec3
d6 9. Nd2 Bd7 10. Be2 g6 11. Nf3 Bg7 12. Nxe5 Bxe5 13. f4 Bf6 14. Bd2 c5 15. Rb1
Rb8 16. e4 fxe4 17. Nxe4 Bh4+ 18. g3 Bxg3+ 19. hxg3 Bf5 20. Bd3 a6 21. Bc3 Rf8
22. Nf6+ Kf7 23. Nxh7 Rh8 24. Bxh8 Ke8 25. Bxf5 gxf5 26. Nf6+ Kf7 27. Qh5+ Kf8
28. Qh6+ Kf7 29. Qg7# 1-0

[Event "Challenge"]
[Site "http://www.queenalice.com/game.php?id=1309363"]
[Date "2014.9.20"]
[Round "-"]
[White "loumex"]
[Black "Meauxchess"]
[Result "0-1"]
[WhiteElo "1192"]
[BlackElo "2449"]

1. b4 b5 2. Bb2 Nf6 3. e3 a6 4. a3 d5 5. Nf3 Nc6 6. Be2 Bf5 7. O-O e6 8. d3 Be7
9. Nbd2 O-O 10. d4 Ne4 11. Ne5 Qd6 12. f3 Nxd2 13. Qxd2 Nxe5 14. dxe5 Qc6 15. g4
Bg6 16. Qc3 Qb6 17. Rad1 Rac8 18. h4 h5 19. g5 c5 20. Qd2 cxb4 21. axb4 Rxc2 22.
Qe1 Rxb2 23. Rc1 Qxe3+ 24. Kg2 Rxe2+ 25. Kh3 Rxe1 26. Rcxe1 Qf4 27. Kg2 Qxh4 28.
Rh1 Qxg5+ 29. Kf2 Bxb4 30. Rd1 Bc5+ 31. Kf1 Qxe5 32. Rc1 Bd3+ 33. Kg2 Qg5+ 34.
Kh3 Bf5+ 35. Kh2 Bd6+ 36. f4 Bxf4# 0-1

[Event "Challenge"]
[Site "http://www.queenalice.com/game.php?id=1319359"]
[Date "2014.10.31"]
[Round "-"]
[White "loumex"]
[Black "Meauxchess"]
[Result "0-1"]
[WhiteElo "1188"]
[BlackElo "2451"]

1. Nf3 g6 2. d4 Bg7 3. g3 Nf6 4. Bg2 O-O 5. O-O c6 6. Nbd2 d5 7. b4 a5 8. c3 a4
9. a3 b5 10. Bb2 Bf5 11. e3 Bg4 12. h3 Bf5 13. Kh2 Ne4 14. Nxe4 Bxe4 15. Ng5
Bxg2 16. Kxg2 e5 17. Nf3 e4 18. Nh4 Bf6 19. Nxg6 fxg6 20. Rh1 Ra7 21. h4 Raf7
22. f4 exf3+ 23. Qxf3 Bxd4 24. Qe2 Rf2+ 25. Qxf2 Rxf2+ 26. Kxf2 Qf6+ 27. Ke2 Bb6
28. Raf1 Qe5 29. Rf3 Qe4 30. Rhf1 Qc2+ 31. Ke1 Qb1+ 32. Kf2 Qxb2+ 33. Kg1 Nd7
34. Rf7 Ne5 35. Rf8+ Kg7 36. R8f2 Bxe3 37. Kg2 Bxf2 38. Rxf2 Qxa3 39. Re2 Qxc3
40. Kf2 Qf3+ 41. Ke1 Qxg3+ 42. Kd2 Nc4+ 43. Kd1 Qxh4 44. Re7+ Qxe7 45. Kc2 Qe3
46. Kd1 Qd2# 0-1

[Event "Challenge"]
[Site "http://www.queenalice.com/game.php?id=1319360"]
[Date "2014.10.31"]
[Round "-"]
[White "Meauxchess"]
[Black "loumex"]
[Result "1-0"]
[WhiteElo "2450"]
[BlackElo "1190"]

1. d4 d5 2. Nf3 Nc6 3. e3 e6 4. Bb5 Bd7 5. O-O Nf6 6. Nc3 Bb4 7. Bd2 O-O 8. Ne2
Ne7 9. Bxd7 Bxd2 10. Nxd2 Nxd7 11. c4 c5 12. cxd5 Nxd5 13. dxc5 Nxc5 14. Nf3 Nf6
15. Rc1 Rc8 16. b4 Nce4 17. Rxc8 Qxc8 18. Qd4 Qc2 19. Nc1 Rc8 20. g3 Rc4 21.
Qd8+ Ne8 22. Qxe8# 1-0

[Event "Challenge"]
[Site "http://www.queenalice.com/game.php?id=1334006"]
[Date "2015.1.10"]
[Round "-"]
[White "Meauxchess"]
[Black "loumex"]
[Result "1-0"]
[WhiteElo "2452"]
[BlackElo "1186"]

1. c4 Nf6 2. d4 d5 3. Nc3 dxc4 4. e4 e6 5. Bxc4 Be7 6. Nf3 c6 7. O-O Nbd7 8. Qb3
b6 9. a4 c5 10. Bb5 Bb7 11. Re1 a6 12. Bxd7+ Qxd7 13. Qxb6 O-O 14. Bf4 Rfc8 15.
Ne5 Qe8 16. Qxb7 Rd8 17. dxc5 Nh5 18. Be3 f6 19. Nc6 Rd7 20. Nxe7+ Rxe7 21. Qb3
Rb8 22. Qc2 Qc6 23. g4 g6 24. gxh5 gxh5 25. Kf1 Kf7 26. Ke2 Rd7 27. Rad1 a5 28.
Rxd7+ Qxd7 29. Rd1 Qc6 30. Rd6 Qc7 31. e5 fxe5 32. Qxh7+ Kf6 33. Ne4# 1-0

[Event "Challenge"]
[Site "http://www.queenalice.com/game.php?id=1334007"]
[Date "2015.1.10"]
[Round "-"]
[White "loumex"]
[Black "Meauxchess"]
[Result "0-1"]
[WhiteElo "1184"]
[BlackElo "2453"]

1. Nf3 Nf6 2. g3 g6 3. Bg2 Bg7 4. d4 d5 5. Nbd2 O-O 6. O-O Nc6 7. a3 Re8 8. Re1
e5 9. c3 e4 10. Ng5 h6 11. Nh3 Nh7 12. e3 f5 13. b4 Bd7 14. Kh1 a6 15. Qb3 Be6
16. a4 b5 17. a5 Nf6 18. f4 Na7 19. Rf1 Nc8 20. Rf2 Nd6 21. Bf1 g5 22. g4 Nxg4
23. Rg2 Nxe3 24. Rf2 g4 25. Ng1 h5 26. Nb1 Nec4 27. Na3 e3 28. Re2 Qh4 29. h3
Ne4 30. Qd1 Qf2 31. Rxf2 Nxf2+ 32. Kg2 Nxd1 33. h4 Nxc3 34. Ne2 Nxe2 35. Bxe2
Bxd4 36. Rb1 Bc3 37. Rb3 d4 38. Kg3 Nxa3 39. Rxa3 Bxb4 40. Bb2 Bc4 41. Ra1 Bxe2
42. Bxd4 Bf3 43. Bxe3 Rxe3 44. Rf1 Be4+ 45. Kh2 Rh3+ 46. Kg1 Bc5+ 47. Rf2 Rh1#
0-1